COMPUTER APPLICATIONS IN PHARMACY (Record no. 5955)

MARC details
000 -LEADER
fixed length control field 00504nam a22001817a 4500
005 - DATE AND TIME OF LATEST TRANSACTION
control field 20240918104224.0
008 - FIXED-LENGTH DATA ELEMENTS--GENERAL INFORMATION
fixed length control field 190606b xxu||||| |||| 00| 0 eng d
020 ## - INTERNATIONAL STANDARD BOOK NUMBER
ISBN 978-9-87-686-20-5
041 ## - LANGUAGE CODE
Language code of text/sound track or separate title eng
082 ## - DEWEY DECIMAL CLASSIFICATION NUMBER
Classification number 610.01
100 ## - MAIN ENTRY--AUTHOR NAME
Personal name GUPTA, DR. G.D. SHRAMA., DR. SHAILESH KAUR .,RAMANJEET AND JOSHI, RAKESH
245 ## - TITLE STATEMENT
Title COMPUTER APPLICATIONS IN PHARMACY
250 ## - EDITION STATEMENT
Edition statement 3rd, Ed, 2019
260 ## - PUBLICATION, DISTRIBUTION, ETC. (IMPRINT)
Place of publication PUNE
Name of publisher NIRALI PRAKASHAN
300 ## - PHYSICAL DESCRIPTION
Number of Pages 7.10p.
650 ## - SUBJECT ADDED ENTRY--TOPICAL TERM
Topical Term PHARMACY
General subdivision B.PHARMA
942 ## - ADDED ENTRY ELEMENTS (KOHA)
Koha item type Books
Holdings
Lost status Damaged status Collection code Home library Current library Shelving location Date acquired Source of acquisition Cost, normal purchase price Accession Number Koha item type Full call number
    Reference JRU Library JRU Library SHELF -11-E 06/06/2019 PURCHESS 95.00 23021 Books  
    PHARMACY JRU Library JRU Library Shelf - 25- H 06/06/2019 PURCHESS 95.00 23022 Books 610.01
    PHARMACY JRU Library JRU Library Shelf - 25- H 06/06/2019 PURCHESS 95.00 23023 Books 610.01
    PHARMACY JRU Library JRU Library Shelf - 25- H 06/06/2019 PURCHESS 95.00 23024 Books 610.01
    PHARMACY JRU Library JRU Library Shelf - 25- H 06/06/2019 PURCHESS 95.00 23025 Books 610.01
    PHARMACY JRU Library JRU Library Shelf - 25- H 09/02/2022 PURCHASE 110.00 26076 Books 610.01
    PHARMACY JRU Library JRU Library Shelf - 25- H 09/02/2022 PURCHASE 110.00 26077 Books 610.01
    PHARMACY JRU Library JRU Library Shelf - 25- H 09/02/2022 PURCHASE 110.00 26078 Books 610.01